Invasión, militarismo y democracia
Uloženo v:
| Hlavní autoři: | , , |
|---|---|
| Médium: | Neznámo |
| Vydáno: |
Panamá
Universidad de Panamá, Instituto de Estudios Nacionales
1990
|
| Edice: | Panamá 90
número 3 |
| Témata: | |
| Tagy: |
Přidat tag
Žádné tagy, Buďte první, kdo vytvoří štítek k tomuto záznamu!
|
MARC
| LEADER | 000000000a22000000004500 | ||
|---|---|---|---|
| 001 | 002178 | ||
| 041 | 0 | |a español | |
| 092 | 0 | |a 972.905.2 B744i | |
| 100 | 1 | |a Bósquez de León, Everardo | |
| 100 | 1 | |a Gandasegui, Marco A. | |
| 100 | 1 | |a Navas, Luis | |
| 245 | 1 | 0 | |a Invasión, militarismo y democracia |
| 260 | |a Panamá |b Universidad de Panamá, Instituto de Estudios Nacionales |c 1990 | ||
| 300 | |a 60 páginas | ||
| 440 | |a Panamá 90 |v número 3 | ||
| 500 | |a Número de inscripción 01645 | ||
| 650 | 4 | |a PANAMA | |
| 650 | 4 | |a POLITICA Y GOBIERNO | |
| 650 | 4 | |a POLICIA MILITAR | |
| 650 | 4 | |a EJERCITO NACIONAL | |
| 650 | 4 | |a SOBERANIA PANAMEÑA | |
| 999 | |c 3045 |d 3045 | ||
